000 nam a22 7a 4500
999 _c21463
_d21463
008 170121b xxu||||| |||| 00| 0 eng d
050 _aSF 95 .E57 1978
100 _aEnsminger, M. E.
245 _aFeeds and nutrition/
_cM. E. Ensminger and C. G. Olentine.
250 _aAbriged
260 _aCalifornia :
_bThe Ensminger Publishing Co.,
_c1978.
300 _a824p. :
_bill. ;
_c28 cm.
650 _aFeeds
650 _aAnimal nutrition
700 _aOlentine, C. G.
942 _2lcc
_cBOOKS
_hSF 95 .E57 1978